Inovačná výkonnosť štátov Európskej únie
Nástroj EIS (European innovation scoreboard) ako nástroj Európskej komisie pre hodnotenie a porovnávanie inovačnej výkonnosti štátov Európskej únie. Kategórie a hodnoty sumárneho inovačného indexu SII. Výsledok zhlukovania európskych štátov.
Gespeichert in:
| 1. Verfasser: | |
|---|---|
| Format: | Buchkapitel |
| Sprache: | Slowakisch |
| Schlagworte: | |
| Tags: |
Keine Tags, Fügen Sie das erste Tag hinzu!
|
MARC
| LEADER | 00000naa$a2200000$$$4500 | ||
|---|---|---|---|
| 001 | 0053378 | ||
| 005 | 20220512094809.6 | ||
| 041 | 0 | |a slo | |
| 044 | |a SK | ||
| 245 | 1 | 0 | |a Inovačná výkonnosť štátov Európskej únie |c Beáta Stehlíková |
| 520 | |a Nástroj EIS (European innovation scoreboard) ako nástroj Európskej komisie pre hodnotenie a porovnávanie inovačnej výkonnosti štátov Európskej únie. Kategórie a hodnoty sumárneho inovačného indexu SII. Výsledok zhlukovania európskych štátov. | ||
| 610 | 2 | 0 | |a Európska únia |
| 610 | 2 | 0 | |a porovnanie medzinárodné |
| 610 | 2 | 0 | |a výkonnosť ekonomiky |
| 610 | 2 | 0 | |a stratégia inovačná |
| 610 | 2 | 0 | |a modely regresné |
| 100 | 1 | |a Stehlíková, Beáta | |